La seguridad democrática: punta del iceberg del régimen político y económico colombiano /
El siguiente artículo analiza la seguridad ciudadana en Colombia. Inicia con una contextualización histórica del fenómeno de la inseguridad en Colombia, los actores políticos inmersos, los discursos, y las treguas políticas. Se analiza la relación controversial entre la libertad y la seguridad, como...
Uloženo v:
| Hlavní autor: | |
|---|---|
| Médium: | Text |
| Témata: | |
| Tagy: |
Přidat tag
Žádné tagy, Buďte první, kdo vytvoří štítek k tomuto záznamu!
|
MARC
| LEADER | 00000 a a2200000 04500 | ||
|---|---|---|---|
| 001 | 44628 | ||
| 003 | |||
| 040 | |||
| 100 | |a Angarita Cañas, Pablo Emilio | ||
| 245 | |a La seguridad democrática: |b punta del iceberg del régimen político y económico colombiano / |c Pablo Emilio Angarita Cañas | ||
| 520 | |a El siguiente artículo analiza la seguridad ciudadana en Colombia. Inicia con una contextualización histórica del fenómeno de la inseguridad en Colombia, los actores políticos inmersos, los discursos, y las treguas políticas. Se analiza la relación controversial entre la libertad y la seguridad, como dos conceptos que históricamente han generado cierta tensión en las sociedades. Se concluye que la política de seguridad democrática se ha constituido en un mecanismo de dominación y control ciudadano en Colombia, legitimando posturas autoritarias. | ||
| 590 | |a RRH/DICIEMBRE2013 | ||
| 650 | |a 1. CONFLICTOS SOCIALES | ||
| 650 | |2 Macrothesaurus de la OCDE |a 2. SEGURIDAD CIUDADANA | ||
| 650 | |a 3. GUERRA | ||
| 650 | |a 4. ESTADO | ||
| 650 | |a 5. REPRESION | ||
| 650 | |a 6. COLOMBIA | ||
| 773 | |g páginas 15-50 | ||
| 999 | |c 31954 |d 31954 | ||
